柳州市下辖县级行政区划 Couty-level administrative divisions of Liuzhou - Statistics

General Stats
  • This quiz has been taken 14 times
  • The average score is 7 of 10
Answers on the Map
Answers color-coded by a green-red scale on the quiz's map according to % correct below.
 
Answer Stats
柳州市 % Correct
市辖区 柳江
85%
市辖区 柳南
85%
自治县 三江侗族自治县
85%
市辖区 柳北
77%
柳城
77%
鹿寨
77%
市辖区 城中
69%
融安
62%
自治县 融水苗族自治县
62%
市辖区 鱼峰
62%
No matching quizzes found
Score Distribution
Percent of People with Each Score
Percentile by Number Answered
Your Score History
You have not taken this quiz